<?xml version="1.0" encoding="UTF-8"?>
<collection xmlns="http://www.loc.gov/MARC21/slim">
 <record>
  <leader>00657pamaa2200181   4500</leader>
  <controlfield tag="001">0000013826</controlfield>
  <controlfield tag="005">20100201090000.0</controlfield>
  <controlfield tag="008">100201                             eng  </controlfield>
  <datafield tag="090" ind1="0" ind2="0">
   <subfield code="a">PA6807.A5 </subfield>
   <subfield code="b">AEN 2008</subfield>
  </datafield>
  <datafield tag="245" ind1="0" ind2="4">
   <subfield code="a">The Aeneid : </subfield>
   <subfield code="b">Virgil  </subfield>
   <subfield code="c">translated by C.Day Lewis; </subfield>
   <subfield code="f">with an introduction and notes by Jasper Griffin.</subfield>
  </datafield>
  <datafield tag="260" ind1="0" ind2="0">
   <subfield code="a">Oxford, London: </subfield>
   <subfield code="b">Oxford University Press, </subfield>
   <subfield code="c">2008.</subfield>
  </datafield>
  <datafield tag="300" ind1=" " ind2=" ">
   <subfield code="a">xxvii, 450p.: </subfield>
   <subfield code="b">ill.; </subfield>
   <subfield code="c">18cm.</subfield>
  </datafield>
  <datafield tag="600" ind1="1" ind2="0">
   <subfield code="a">Virgil</subfield>
  </datafield>
  <datafield tag="650" ind1="0" ind2="0">
   <subfield code="a">Epic poetry, Latin -- </subfield>
   <subfield code="x">Translations into English </subfield>
  </datafield>
  <datafield tag="650" ind1="0" ind2="0">
   <subfield code="a">Aeneas (Legendary character) -- </subfield>
   <subfield code="x">Poetry </subfield>
  </datafield>
  <datafield tag="650" ind1="0" ind2="0">
   <subfield code="a">Legends -- </subfield>
   <subfield code="x">Poetry -- </subfield>
   <subfield code="z">Rome </subfield>
  </datafield>
  <datafield tag="700" ind1="1" ind2="1">
   <subfield code="a">Lewis, </subfield>
   <subfield code="h">C. Day </subfield>
  </datafield>
  <datafield tag="901" ind1=" " ind2=" ">
   <subfield code="u">www.oup.com</subfield>
  </datafield>
 </record>
</collection>
